000 00648nam a2200229Ia 4500
003 GCL
008 140319s9999 xx 000 0 ara d
040 _aGCL /
_cGCL
082 0 4 _a176
_bم خ
100 1 _aمحمد جلال كشك
245 1 0 _aخواطر مسلم فى المسائل الجنسية /
_cمحمد جلال كشك
260 _a[S.N] :
_bمكتبة التراث الاسلامى ،
_c1992
300 _a239 ص
490 _a
650 0 4 _aالاسلام
650 0 4 _aاللواط
650 0 4 _aالجنس
650 0 4 _aالسحاق
650 0 4 _aالزواج
650 0 4 _aالشذوذ الجنسى
942 _2ddc
_cBK
999 _c53330
_d53330